| 000 | 00823nam a2200229Ia 4500 | ||
|---|---|---|---|
| 003 | GCL | ||
| 008 | 140319s9999 xx 000 0 ara d | ||
| 020 | _a805031977 | ||
| 040 |
_aGCL / _cGCL |
||
| 082 | 0 | 4 |
_a358.3 _bم أ |
| 100 | 1 | _aممدوح حامد عطية | |
| 245 | 1 | 0 |
_aاسلحة التدمير الشامل تهدد البشرية / _cممدوح حامد عطية |
| 250 | _aالاولى | ||
| 260 |
_aالقاهرة : _bاكاديمية البحث العلمى والتكنولوجيا ، _c2004 |
||
| 300 |
_a244ص ؛ _c24سم |
||
| 490 |
_aسلسلة المكتبة العلمية _v0 |
||
| 650 | 0 | 4 | _aالاسلحة البيولوجية |
| 650 | 0 | 4 | _aالاسلحة الكيميائية |
| 650 | 0 | 4 | _aالاسلحة النووية |
| 650 | 0 | 4 | _aاسلحة الدمار الشامل |
| 942 |
_2ddc _cBK |
||
| 999 |
_c7547 _d7547 |
||